| 000 | 00832nam a2200229 a 4500 | ||
|---|---|---|---|
| 001 | 39831 | ||
| 003 | BD-RjUL | ||
| 005 | 20211209053052.0 | ||
| 008 | 160419r20162013 a|||e |||| 00| 0 d | ||
| 020 |
_a978984899008 _c: TK.400.00 |
||
| 035 | _a(BD-RjUL)39944 | ||
| 040 |
_aBD-RjUL _bben _cBD-RjUL |
||
| 041 | _aben | ||
| 082 |
_223 _bKAA 2016 _a920 |
||
| 100 |
_aকরিম, সরদার ফজলুল _9120639 |
||
| 245 | 1 | 0 |
_aআমি সরদার বলছি / _cসরদার ফজলুল করিম |
| 260 |
_aঢাকা : _bঅন্বেষা প্রকাশন, _c২০১৩ [মুদ্রণ ২০১৬] |
||
| 300 |
_a৩২০ পৃ. : _bচিত্র ; _c২২ সেমি. |
||
| 650 |
_aআত্নজীবনী _9120179 |
||
| 650 |
_aAutobiography _9122705 |
||
| 942 |
_2ddc _cBK _03 |
||
| 999 |
_c39831 _d39831 |
||